00702nam a2200181 a 450000500170000000800410001704000120005804100080007004400070007811000220008524500460010726000720015330000100022552002510023565000110048665000120049765000110050920160811020003.0140129b2007 ck ||||| |||| 00| 0 spa d cCO-BoIH aspa ack bIngenian Software aManual de usuario de Yoscuabsegunda fase aBogotábInstituto Alexander Von HumboldtbIngenian Softwarec2007 a37 p. aYoscua es una aplicación que se consulta a través de internet. El manual da las instrucciones para realizar el registro en la aplicación, el ingreso, opciones generales, búsquedas, espacios de usos, experiencias y aprendizajes entre otros aManual aUsuario aYoscua